书目信息 |
| 题名: |
建筑构造
|
|
| 作者: | 裴刚 , 安艳华 主编 | |
| 分册: | 上册 | |
| 出版信息: | 武汉 华中科技大学出版社 2021.06 |
|
| 页数: | 273页 | |
| 开本: | 26cm | |
| 丛书名: | 普通高等学校“十四五”规划建筑专业精品教材 | |
| 单 册: | ||
| 中图分类: | TU22 | |
| 科图分类: | ||
| 主题词: | 建筑构造--jian zhu gou zao--高等学校--教材 | |
| 电子资源: | ||
| ISBN: | 978-7-5680-7160-4 | |
| 000 | 01174nam 2200289 450 | |
| 001 | 28775 | |
| 005 | 20221011090422.68 | |
| 010 | @a978-7-5680-7160-4@dCNY58.80 | |
| 100 | @a20210924d2021 em y0chiy50 ea | |
| 101 | 0 | @achi |
| 102 | @aCN@b420000 | |
| 105 | @aa a 000yy | |
| 200 | 1 | @a建筑构造@Ajian zhu gou zao@h上册@d= Architectural construction@hⅠ@f本书主编裴刚, 安艳华@zeng |
| 205 | @a第3版 | |
| 210 | @a武汉@c华中科技大学出版社@d2021.06 | |
| 215 | @a273页@c图@d26cm | |
| 225 | 2 | @a普通高等学校“十四五”规划建筑专业精品教材@Apu tong gao deng xue xiao “ shi si wu ” gui hua jian zhu zhuan ye jing pin jiao cai |
| 320 | @a有书目 | |
| 330 | @a本书内容包括: 建筑构造概论 ; 墙体构造 ; 地基与基础构造 ; 楼地层构造 ; 楼梯构造 ; 屋顶构造 ; 门窗构造 ; 变形缝构造 ; 工业建筑概论 ; 单层厂房构造 ; 厂房建筑定位轴线。 | |
| 410 | 0 | @12001 @a普通高等学校“十四五”规划建筑专业精品教材 |
| 510 | 1 | @aArchitectural construction@hⅠ@zeng |
| 606 | 0 | @a建筑构造@Ajian zhu gou zao@x高等学校@j教材 |
| 690 | @aTU22@v5 | |
| 701 | 0 | @a裴刚@Apei gang@4主编 |
| 701 | 0 | @a安艳华@Aan yan hua@4主编 |
| 801 | 0 | @aCN@c20220910 |
| 905 | @a河南城建学院图书馆@dTU22@eP382=3:1@f2 | |
| 建筑构造.上册= Architectural construction.Ⅰ/本书主编裴刚, 安艳华.-第3版.-武汉:华中科技大学出版社,2021.06 |
| 273页:图;26cm.-(普通高等学校“十四五”规划建筑专业精品教材) |
| ISBN 978-7-5680-7160-4:CNY58.80 |
| 本书内容包括: 建筑构造概论 ; 墙体构造 ; 地基与基础构造 ; 楼地层构造 ; 楼梯构造 ; 屋顶构造 ; 门窗构造 ; 变形缝构造 ; 工业建筑概论 ; 单层厂房构造 ; 厂房建筑定位轴线。 |
| ● |
| 相关链接 |
|
|
|
正题名:建筑构造
索取号:TU22/P382=3:1
 
预约/预借
| 序号 | 登录号 | 条形码 | 馆藏地/架位号 | 状态 | 备注 |
| 1 | 1581924 | 215819247 | 建筑库101/101建筑库 45排7列2层/ [索取号:TU22/P382=3:1] | 在馆 | |
| 2 | 1581925 | 215819256 | 建筑库101/101建筑库 45排7列2层/ [索取号:TU22/P382=3:1] | 在馆 |